Nueva especie de Petrejoides kuwert (<Coleoptera Passalidae>) del Chocó biogeográfico e inquietudes sobre prioridades investigativas (Registro nro. 15083)
[ vista simple ]
| 000 -CABECERA | |
|---|---|
| Campo de control | 004350000a22001210004500 |
| 090 ## - CLASIFICACIÓN LOCAL | |
| Colección | AS |
| Consecutivo | Seriadas |
| 041 0# - IDIOMA | |
| Código de idioma para texto/pista de sonido o título separado | |
| 100 1# - ASIENTO PRINCIPAL--NOMBRE PERSONAL | |
| Nombre personal | Reyes Castillo, Pedro |
| 245 10 - MENCION DE TITULO | |
| Título | Nueva especie de Petrejoides kuwert (<Coleoptera Passalidae>) del Chocó biogeográfico e inquietudes sobre prioridades investigativas |
| 700 1# - ASIENTO SECUNDARIO - NOMBRE PERSONAL | |
| Nombre personal | Pardo Locarno, Luis Carlos |
| 773 1# - Item fuente: | |
| Título | Cespedesia |
| Especificación de materiales | 124 |
| Descripción física | 68 |
| Paginas del Articulo | 195-202 |
| Lugar, editorial y fecha de publicación | 1996 |
| Información sobre la relación | 21 |
| 942 ## - ELEMENTOS ADICIONALES (KOHA) | |
| Tipo de ítem | Artículo |
No hay ítems disponibles.